000 00642nam a2200241 i 4500
001 C2-0141772
003 PPAK
005 20180727125428.0
008 980106s1989 my |||| ||||| | may d
040 _aPPAK
_beng
_cPPAK
_erda
082 0 4 _a899.233
_223
090 0 0 _a899.233
_bZAH
_dKIH
100 0 _aZahba b. Selamat,
_eauthor
245 1 0 _aPerkembangan cerpen Sabah
264 1 _aSabah :
_bDewan Bahasa dan Pustaka ,
_c1989
300 _aiii, 23 pages ;
_c23 cm
336 _2rdacontent
_atext
337 _2rdamedia
_aunmediated
338 _2rdacarrier
_avolume
650 1 0 _aMalay fiction.
700 _eauthor
942 _ddc
_cB
999 _c44369
_d44369